000 00701nam a22002177a 4500
003 UA-OsUOA
001 85367
007 ta
008 20120622b un ||||| |||| 00| 0 ukr d
100 _aКропивко М.М.
090 _a330(477)
_bК83
942 _cSA
040 _aUA-OsUOA
_bukr
_cUA-OsUOA
_dUA-OsUOA
245 _aОсновні шляхи стимулювання розвитку господарств населення та їх інвестиційного забезпечення
300 _aС.19-23
955 _a0
041 _aukr
080 _a330(477)
773 0 _w85365
_tЕкономіка АПК
_dК.
_d2012
_g6
650 7 _a330 Економіка взагалі
_2UDC
999 _c371603
_d371603